Statistiques concernant Italien - Verbe irrégulier (Dire)

Cliquez ici pour prendre le quiz!

Statistiques générales

  • Ce quiz a été pris 6 fois
  • Le résultat moyen est 31 sur 49

Statistiques - réponses

Tempo - PersonaConiugazione% Correct
lui/leidice
100%
tudici
100%
noidiciamo
100%
iodico
100%
lorodicono
100%
iodirei
83%
voidite
83%
io (maschile)detto
67%
lui/leidica
67%
iodica
67%
tudica
67%
io (maschile)dicendo
67%
lui/leidiceva
67%
noidicevamo
67%
lorodicevano
67%
tudicevi
67%
iodicevo
67%
tudi'/di
67%
lui/leidirà
67%
tudirai
67%
lorodiranno
67%
noidiremo
67%
tudiresti
67%
voidirete
67%
iodirò
67%
lui/leidisse
67%
iodissi
67%
lui/leidica
50%
lorodicano
50%
lorodicano
50%
noidicemmo
50%
lui/leidicesse
50%
lorodicessero
50%
tudicessi
50%
iodicessi
50%
noidicessimo
50%
voidiceste
50%
voidiceste
50%
tudicesti
50%
voidicevate
50%
noidiciamo
50%
noidiciamo
50%
voidiciate
50%
lui/leidirebbe
50%
lorodirebbero
50%
noidiremmo
50%
voidireste
50%
lorodissero
50%
voidite
50%

Distribution des résultats

Percentile par nombre de réponses

% des personnes avec chaque résultat

Votre développement - résultats

Vous n’avez pas pris ce quiz